| 000 | 00768nam a2200229Ia 4500 | ||
|---|---|---|---|
| 008 | 191130s1991##################000#0#eng## | ||
| 020 | _a9780521361323 | ||
| 022 | _a90044516 | ||
| 040 |
_aACL _cACL |
||
| 082 | _a581.133 EME | ||
| 245 |
_aCompartmentation of plant metabolism in non-photosynthetic tissues _cedited by M.J. Emes |
||
| 260 |
_aCambridge _bCambridge University Press _c1991 |
||
| 300 | _axiv, 204 p. : ill. ; 24 cm | ||
| 500 | _aIncludes bibliographical references and index | ||
| 650 | _aPlant cell compartmentation - Congresses | ||
| 650 | _aPlant cells and tissues - Congresses | ||
| 650 | _aPlants - Metabolism - Congresses | ||
| 700 | _aEmes, M. J | ||
| 990 | _a71dda494ac10000c12e03908b401be6c | ||
| 991 | _a187031 | ||
| 999 |
_c134632 _d134632 |
||